000 00577nam a2200205 4500
003 OSt
005 20240703025311.0
006 a
008 240703b |||||||| |||| 00| 0 eng d
020 _a9719339942
040 _aDWCL-Main lib.
_cOC
082 _aFil. 700 T114a 2006
100 _aTabotabo, Claudio T.
245 _aArt appreciation : introduction to the humanities /
260 _a Makati City :
_bMindxhapers Co., Inc.,
_cc2006.
300 _axi,
_b235 p. : ill. ;
_c22 cm.
650 _a1. Arts.
650 _a2. Humanities.
942 _2ddc
_n0
_cBK - FIL
_kFil.
999 _c1859
_d1859